Urbanisation, housing and the development process. / (Record no. 5385)
[ view plain ]
| 000 -LEADER | |
|---|---|
| fixed length control field | 01323nam a22001697a 4500 |
| 008 - FIXED-LENGTH DATA ELEMENTS--GENERAL INFORMATION | |
| fixed length control field | 150212b xxu||||| |||| 00| 0 eng d |
| 020 ## - INTERNATIONAL STANDARD BOOK NUMBER | |
| International Standard Book Number | 9780415584142 |
| 050 ## - LIBRARY OF CONGRESS CALL NUMBER | |
| Classification number | HT169.5.D7 |
| 100 ## - MAIN ENTRY--PERSONAL NAME | |
| Personal name | Drakakis-Smith, David. |
| 245 ## - TITLE STATEMENT | |
| Title | Urbanisation, housing and the development process. / |
| Statement of responsibility, etc. | David Drakakis-Smith |
| 250 ## - EDITION STATEMENT | |
| Edition statement | 1st ed. |
| 260 ## - PUBLICATION, DISTRIBUTION, ETC. | |
| Place of publication, distribution, etc. | New Delhi: |
| Name of publisher, distributor, etc. | Croom Helm, |
| Date of publication, distribution, etc. | 1981. |
| 300 ## - PHYSICAL DESCRIPTION | |
| Extent | 234p.: |
| Other physical details | ill.; |
| Dimensions | 23cm. |
| 500 ## - GENERAL NOTE | |
| General note | Includes index and references. |
| 505 ## - FORMATTED CONTENTS NOTE | |
| Formatted contents note | Contents:The urbanisation process in developing countries:Statistical dimensions of urbanization -- Causes of urban population growth -- Directions of urban growth -- Conclusion -- Housing and development planning:assessing the dimensions of the housing problem -- Housing provision in development plans -- A typology of housing provision for the urban poor -- Squatter settlements:introduction -- Statistical dimensions -- Formative processes -- Development typologies -- Attitudinal change -- Case studies -- Slums:Introduction -- The evolution of slums -- Quantitative and qualitative aspects of slums -- The functions of the slums -- Case studies -- Governm,ent housing:Introduction -- Indifference -- Reactionary attitudes -- Westernised responses -- The role of private sector -- Conclusion:housing and the development process. |
| 942 ## - ADDED ENTRY ELEMENTS (KOHA) | |
| Source of classification or shelving scheme | Library of Congress Classification |
| Koha item type | Books |
| Withdrawn status | Lost status | Source of classification or shelving scheme | Damaged status | Not for loan | Home library | Current library | Shelving location | Date acquired | Total Checkouts | Full call number | Barcode | Date last seen | Copy number | Price effective from | Koha item type |
|---|---|---|---|---|---|---|---|---|---|---|---|---|---|---|---|
| Library of Congress Classification | WISCONSIN INTERNATIONAL UNIVERSITY COLLEGE, GHANA - MAIN LIBRARY | WISCONSIN INTERNATIONAL UNIVERSITY COLLEGE, GHANA - MAIN LIBRARY | Reference | 12/02/2015 | HT169.5.D7 | 6686/12 | 12/02/2015 | 1 | 12/02/2015 | Books |
